000 00854cab a2200253 4500
001 WB3413-32
008 090401t1998 xxu||||| |||| 00| 0 eng d
035 _a(Sirsi) u85370
041 _aeng
245 _aTeleworking/telecommuting
260 _c1998
350 _a0
490 _aFinancial Times
_vIT Supplement 1 April 1998, 15&17(3)
520 _aAsks why Europe is so behind North America in adopting teleworking practices. Reviews IT facilities available from Symantec and AT&T Virtual Workplace which facilitate access to office networks.
650 _aEUROPE
650 _aFLEXIBLE WORKING
650 _aMANAGEMENT-BUSINESS MANAGEMENT-INFORMATION MANAGEMENT
650 _aNORTH AMERICA
650 _aTELECOMMUTING
650 _aTELEWORKING
690 _aOFFICE SERVICES AND ADMINISTRATION
942 _n0
948 _c01/04/1998
999 _c53682
_d53682